Aktuálne požiadavky na zabezpečenie kybernetickej bezpečnosti vo verejnej správe
Odborný seriál o kybernetickej bezpečnosti vo verejnej správe pokračuje časťou, ktorá sa zameriava na kontrolné a sankčné opatrenia z hľadiska legislatívneho rámca v prostredí verejnej správy s poukázaním na najčastejšie nedostatky pri samohodnotení a výkone auditov kybernetickej bezpečnosti.
Guardado en:
| Autor principal: | |
|---|---|
| Formato: | Capítulo de libro |
| Lenguaje: | eslovaco |
| Materias: | |
| Etiquetas: |
Sin Etiquetas, Sea el primero en etiquetar este registro!
|
MARC
| LEADER | 00000naa a2200000 4500 | ||
|---|---|---|---|
| 001 | 0313369 | ||
| 005 | 20251126093224.7 | ||
| 041 | 0 | |a slo | |
| 044 | |a SK | ||
| 245 | 1 | 0 | |a Aktuálne požiadavky na zabezpečenie kybernetickej bezpečnosti vo verejnej správe |c Radoslav Kohout |
| 520 | |a Odborný seriál o kybernetickej bezpečnosti vo verejnej správe pokračuje časťou, ktorá sa zameriava na kontrolné a sankčné opatrenia z hľadiska legislatívneho rámca v prostredí verejnej správy s poukázaním na najčastejšie nedostatky pri samohodnotení a výkone auditov kybernetickej bezpečnosti. | ||
| 610 | 2 | 0 | |a bezpečnosť kybernetická |
| 610 | 2 | 0 | |a správa verejná |
| 610 | 2 | 0 | |a audit |
| 610 | 2 | 0 | |a opatrenia |
| 610 | 2 | 0 | |a sankcie |
| 610 | 2 | 0 | |a kontrola |
| 610 | 2 | 0 | |a sebahodnotenie |
| 100 | 1 | |a Kohout, Radoslav | |